<?xml version="1.0" encoding="UTF-8"?>
<collection xmlns="http://www.loc.gov/MARC21/slim">
    <record>
        <controlfield tag="001">86355</controlfield>
        <controlfield tag="005">20210127122326.0</controlfield>
        <datafield tag="024" ind1="8" ind2=" ">
            <subfield code="2">sideral</subfield>
            <subfield code="a">114942</subfield>
        </datafield>
        <datafield tag="037" ind1=" " ind2=" ">
            <subfield code="a">ART-2019-114942</subfield>
        </datafield>
        <datafield tag="041" ind1=" " ind2=" ">
            <subfield code="a">spa</subfield>
        </datafield>
        <datafield tag="100" ind1=" " ind2=" ">
            <subfield code="a">Mendoza, Claudia</subfield>
        </datafield>
        <datafield tag="245" ind1=" " ind2=" ">
            <subfield code="a">Fascitis necrotizante y síndrome del shock tóxico por Streptococcus pyogenes tras inyección intramuscular</subfield>
        </datafield>
        <datafield tag="260" ind1=" " ind2=" ">
            <subfield code="c">2019</subfield>
        </datafield>
        <datafield tag="506" ind1="0" ind2=" ">
            <subfield code="a">Access copy available to the general public</subfield>
            <subfield code="f">Unrestricted</subfield>
        </datafield>
        <datafield tag="520" ind1="3" ind2=" ">
            <subfield code="a">Sr. Editor: 
La fascitis necrotizante (FN) es una infección grave, rápidamente progresiva y de difícil diagnóstico en estadios tempranos. Afecta a la fascia muscular y al tejido celular subcutáneo, produce trombosis de la microcirculación subcutánea, necrosis y se asocia a elevada mortalidad. 
Presentamos un caso de FN y shock tóxico por Streptococcus pyogenes. 
Mujer de 47 años de edad con antecedentes de hipertensión que acudió al Servicio de Urgencias por náuseas, vómitos, sensación distérmica, dolor intenso y tumefacción del glúteo y muslo izquierdo desde que 24 horas antes le fuera administrada una inyección intramuscular de metilprednisolona por faringoamigdalitis. Presentaba eritema (3,5 x 3 cm) en región glútea izquierda, sin fluctuación ni tumefacción, ni datos de repercusión sistémica. Se recomendó hielo local y continuar tratamiento iniciado el día anterior con amoxicilina-clavulánico. Doce horas más tarde acudió de nuevo a Urgencias por aumento del dolor. Se objetivó TA: 73/40 mm Hg, FC: 110 lpm, Tª: 35,5ºC. Se realizó TC observando aumento de tamaño de la zona glútea con pérdida de las interfases y desflecamiento del contorno. Se inició tratamiento con ertapenem y fluidoterapia, mejorando el cuadro hemodinámico. Seis horas después comenzó de nuevo con hipotensión, taquicardia, hiperlactacidemia e hipoglucemia, con progresión de la afectación cutánea en muslo. Se modificó tratamiento a meropenem y daptomicina. Se realizaron fasciotomía y necrosectomía extensas, ingresando en el Servicio de Medicina Intensiva, donde presentó shock refractario a volumen, precisando altas dosis de noradrenalina, signos de coagulación intravascular diseminada y fallo renal ...</subfield>
        </datafield>
        <datafield tag="540" ind1=" " ind2=" ">
            <subfield code="9">info:eu-repo/semantics/openAccess</subfield>
            <subfield code="a">by-nc</subfield>
            <subfield code="u">http://creativecommons.org/licenses/by-nc/3.0/es/</subfield>
        </datafield>
        <datafield tag="590" ind1=" " ind2=" ">
            <subfield code="a">1.132</subfield>
            <subfield code="b">2019</subfield>
        </datafield>
        <datafield tag="591" ind1=" " ind2=" ">
            <subfield code="a">PHARMACOLOGY &amp; PHARMACY</subfield>
            <subfield code="b">246 / 270 = 0.911</subfield>
            <subfield code="c">2019</subfield>
            <subfield code="d">Q4</subfield>
            <subfield code="e">T3</subfield>
        </datafield>
        <datafield tag="591" ind1=" " ind2=" ">
            <subfield code="a">MICROBIOLOGY</subfield>
            <subfield code="b">121 / 134 = 0.903</subfield>
            <subfield code="c">2019</subfield>
            <subfield code="d">Q4</subfield>
            <subfield code="e">T3</subfield>
        </datafield>
        <datafield tag="592" ind1=" " ind2=" ">
            <subfield code="a">0.287</subfield>
            <subfield code="b">2019</subfield>
        </datafield>
        <datafield tag="593" ind1=" " ind2=" ">
            <subfield code="a">Medicine (miscellaneous)</subfield>
            <subfield code="c">2019</subfield>
            <subfield code="d">Q3</subfield>
        </datafield>
        <datafield tag="593" ind1=" " ind2=" ">
            <subfield code="a">Pharmacology</subfield>
            <subfield code="c">2019</subfield>
            <subfield code="d">Q3</subfield>
        </datafield>
        <datafield tag="593" ind1=" " ind2=" ">
            <subfield code="a">Microbiology (medical)</subfield>
            <subfield code="c">2019</subfield>
            <subfield code="d">Q3</subfield>
        </datafield>
        <datafield tag="655" ind1=" " ind2="4">
            <subfield code="a">info:eu-repo/semantics/other</subfield>
            <subfield code="v">info:eu-repo/semantics/publishedVersion</subfield>
        </datafield>
        <datafield tag="700" ind1=" " ind2=" ">
            <subfield code="a">Salvo, Soledad</subfield>
        </datafield>
        <datafield tag="700" ind1=" " ind2=" ">
            <subfield code="a">Luque P.</subfield>
        </datafield>
        <datafield tag="700" ind1=" " ind2=" ">
            <subfield code="a">Condado H.</subfield>
        </datafield>
        <datafield tag="700" ind1=" " ind2=" ">
            <subfield code="0">(orcid)0000-0003-3065-8893</subfield>
            <subfield code="a">Gonzalo M.A.</subfield>
            <subfield code="u">Universidad de Zaragoza</subfield>
        </datafield>
        <datafield tag="700" ind1=" " ind2=" ">
            <subfield code="0">(orcid)0000-0002-0036-6630</subfield>
            <subfield code="a">Algarate S.</subfield>
            <subfield code="u">Universidad de Zaragoza</subfield>
        </datafield>
        <datafield tag="710" ind1="2" ind2=" ">
            <subfield code="1">1008</subfield>
            <subfield code="2">630</subfield>
            <subfield code="a">Universidad de Zaragoza</subfield>
            <subfield code="b">Dpto. Microb.Med.Pr.,Sal.Públ.</subfield>
            <subfield code="c">Área Microbiología</subfield>
        </datafield>
        <datafield tag="710" ind1="2" ind2=" ">
            <subfield code="1">1004</subfield>
            <subfield code="2">090</subfield>
            <subfield code="a">Universidad de Zaragoza</subfield>
            <subfield code="b">Dpto. Cirugía,Ginecol.Obstetr.</subfield>
            <subfield code="c">Área Cirugía</subfield>
        </datafield>
        <datafield tag="773" ind1=" " ind2=" ">
            <subfield code="g">32, 5 (2019), 473-474</subfield>
            <subfield code="p">Rev. esp. quimioter.</subfield>
            <subfield code="t">Revista española de quimioterapia</subfield>
            <subfield code="x">1988-9518</subfield>
        </datafield>
        <datafield tag="856" ind1="4" ind2="1">
            <subfield code="u">https://seq.es/wp-content/uploads/2019/09/mendoza19sep2019.pdf</subfield>
            <subfield code="z">Texto completo de la revista</subfield>
        </datafield>
        <datafield tag="856" ind1="4" ind2=" ">
            <subfield code="s">77646</subfield>
            <subfield code="u">http://zaguan.unizar.es/record/86355/files/texto_completo.pdf</subfield>
            <subfield code="y">Versión publicada</subfield>
        </datafield>
        <datafield tag="856" ind1="4" ind2=" ">
            <subfield code="s">105627</subfield>
            <subfield code="u">http://zaguan.unizar.es/record/86355/files/texto_completo.jpg?subformat=icon</subfield>
            <subfield code="x">icon</subfield>
            <subfield code="y">Versión publicada</subfield>
        </datafield>
        <datafield tag="909" ind1="C" ind2="O">
            <subfield code="o">oai:zaguan.unizar.es:86355</subfield>
            <subfield code="p">articulos</subfield>
            <subfield code="p">driver</subfield>
        </datafield>
        <datafield tag="951" ind1=" " ind2=" ">
            <subfield code="a">2021-01-27-12:22:58</subfield>
        </datafield>
        <datafield tag="980" ind1=" " ind2=" ">
            <subfield code="a">ARTICLE</subfield>
        </datafield>
    </record>

    
</collection>